Hazardous materials and hazardous waste management /

Guardado en:
Autor Principal: Woodside, Gayle, 1951-
Formato: Libro
Idioma:English
Publicado: New York : John Wiley & Sons, c1999.
Edición:2nd ed.
Materias:
Acceso en línea:Biografía del autor
Descripción
Tabla de contenido
Etiquetas: Agregar Etiqueta
Sin Etiquetas, Sea el primero en etiquetar este registro!
LEADER 01104pam a22002775a 4500
001 EIQ.libpla004038
008 980630s1999####nyua#####b####001#0#eng#d
005 20080502183229.0
245 1 0 |a Hazardous materials and hazardous waste management /  |c Gayle Woodside. 
250 |a 2nd ed. 
260 |a New York :  |b John Wiley & Sons,  |c c1999. 
300 |a viii, 477 p. :  |b il. ;  |c 25 cm. 
504 |a Incluye referencias bibliográficas e índice. 
020 |a 0471174491 (alk. paper) 
100 1 |a Woodside, Gayle,  |d 1951- 
082 0 0 |a 604.7  |2 21 
650 4 |a Residuos peligrosos  |x Gerencia. 
650 4 |a Substancias peligrosas  |x Gerencia. 
650 0 |a Hazardous wastes  |x Management. 
650 0 |a Hazardous substances  |x Management. 
010 |a  98033647  
040 |a DLC  |c DLC  |d AR-BbSID 
856 4 2 |3 Biografía del autor  |u http://www.loc.gov/catdir/bios/wiley042/98033647.html 
856 4 2 |3 Descripción  |u http://www.loc.gov/catdir/description/wiley034/98033647.html 
856 4 |3 Tabla de contenido  |u http://www.loc.gov/catdir/toc/onix05/98033647.html 
859 |a AR-BbSID  |b BIB. PLAPIQUI  |h 604.7  |i W 861  |p 5462